<The> Hierarchical Credibility Model as a Generalisation of the Bühlmann-Straub Model and Its Application
Salvato in:
| Autore principale: | |
|---|---|
| Altri autori: | |
| Natura: | Capitolo di libro |
| Lingua: | inglese |
| Soggetti: | |
| Tags: |
Nessun Tag, puoi essere il primo ad aggiungerne!!
|
MARC
| LEADER | 00000naa$a2200000$$$4500 | ||
|---|---|---|---|
| 001 | 0096240 | ||
| 005 | 20240502083242.3 | ||
| 041 | 0 | |a eng | |
| 044 | |a PL | ||
| 245 | 1 | 0 | |a <The> Hierarchical Credibility Model as a Generalisation of the Bühlmann-Straub Model and Its Application |c Viera Pacáková, Erik Šoltés |
| 500 | |a Abstrakt | ||
| 610 | 2 | 0 | |a teória kredibility |
| 610 | 2 | 0 | |a modely |
| 610 | 2 | 0 | |a poisťovníctvo |
| 100 | 1 | |a Pacáková, Viera | |
| 700 | 1 | |a Šoltés, Erik, 1974- | |